[Event "FRA-chT2 0304"]
[Site "France"]
[Date "2004.02.04"]
[Round "7"]
[White "Metral, Virginie"]
[Black "Maechel, Stephanie"]
[Result "0-1"]
[WhiteElo "1800"]
[BlackElo "1850"]
[PlyCount "70"]
[EventDate "2003.10.??"]
[EventType "team"]
[EventRounds "11"]
[EventCountry "FRA"]
[SourceTitle "EXT 2005"]
[Source "ChessBase"]
[SourceDate "2004.11.15"]
[SourceVersion "1"]
[SourceVersionDate "2004.11.15"]
[SourceQuality "1"]

1. e4 e5 2. Nf3 Nc6 3. d4 exd4 4. Bc4 Nf6 5. 0-0 Be7 6. e5 Ne4 7. Re1 d5 8. exd6 Nxd6 9. Bb3 Bg4 10. Bg5 0-0 11. Bxe7 Nxe7 12. Qxd4 Bxf3 13. gxf3 Nef5 14. Qf4 Qf6 15. Nc3 Qd4 16. Ne4 Qxb2 17. Rad1 Rae8 18. Nxd6 Rxe1+ 19. Rxe1 Nxd6 20. Re7 Qc3 21. Re3 Qc5 22. Re5 Qc3 23. Re7 Qc6 24. h4 h6 25. Re5 Qd7 26. Rh5 Kh7 27. c4 Re8 28. Bc2+ Kg8 29. Kg2 Qe6 30. Bd3 f6 31. c5 Nf7 32. Bc4 Qd7 33. Rxh6 gxh6 34. Qxh6 Qf5 35. h5 Qg5+ 0-1